| 000 | 00692cam a2200253 4500 | ||
|---|---|---|---|
| 999 |
_c4441 _d4441 |
||
| 001 | 300599 | ||
| 003 | GBCCL | ||
| 005 | 20241126110518.0 | ||
| 008 | 731108s1973 ilu 000 0 eng | ||
| 010 | _a 72096738 | ||
| 020 | _a0882072390 | ||
| 040 |
_aDLC _cDLC _dDLC |
||
| 050 | 0 | 0 |
_aBS2625.2 _b.J27 |
| 082 | 0 | 0 |
_a226.607 _bJAC |
| 100 | 1 |
_aJacobsen, Henry, _d1908- _98312 |
|
| 245 | 1 | 4 | _aThe Acts then and now. |
| 260 |
_a[Wheaton, Ill.] _bVictor Books _c[1973] |
||
| 300 |
_a224 p. _c18 cm. |
||
| 350 | _a$1.45 | ||
| 490 | 0 | _aAn Input book | |
| 630 | 0 | 0 |
_aBible. _pActs _xCriticism, interpretation, etc. _92267 |
| 906 |
_a7 _bcbc _corignew _d2 _eopcn _f19 _gy-gencatlg |
||
| 942 |
_2ddc _cBK _05 |
||